Countries that end with the letter "Y" - Statistics

General Stats
  • This quiz has been taken 366 times
  • The average score is 7 of 8
Answer Stats
Hint Answer % Correct
Europe Germany
96%
Europe Italy
94%
Europe Hungary
93%
Americas Paraguay
93%
Americas Uruguay
93%
Europe Norway
89%
Asia Turkey
85%
Europe Vatican City
77%
No matching quizzes found
Score Distribution
Percent of People with Each Score
Percentile by Number Answered
Your Score History
You have not taken this quiz